Бюджетный кодекс Российской Федерации (Запись № 10834834)

Подробности
000 -МАРКЕР
контрольное поле 02249nam0a2200325 4500
001 - ИДЕНТИФИКАТОР ЗАПИСИ
контрольное поле RU\NLR\BIBL_A\010973312
005 - ИДЕНТИФИКАТОР ВЕРСИИ
контрольное поле 20260409064051.0
010 ## - МЕЖДУНАРОДНЫЙ СТАНДАРТНЫЙ НОМЕР КНИГИ (ISBN)
Номер (ISBN) 978-5-699-85150-8
Цена 1500 экз.
021 ## - НОМЕР ГОСУДАРСТВЕННОЙ РЕГИСТРАЦИИ
Код страны Российская Федерация
Номер 2016-1691
Номер Листа государственной регистраци 104
035 ## - ДРУГИЕ СИСТЕМНЫЕ НОМЕРА
Идентификатор записи (NILC)RuMoRGB-008116715
035 ## - ДРУГИЕ СИСТЕМНЫЕ НОМЕРА
Идентификатор записи (NLR Aleph) 010973312
100 ## - ДАННЫЕ ОБЩЕЙ ОБРАБОТКИ
Данные общей обработки 20160208d2016 |||y0rusy50 ca
101 0# - ЯЗЫК РЕСУРСА
Язык текста, звукозаписи и т.д. русский
102 ## - СТРАНА ПУБЛИКАЦИИ ИЛИ ПРОИЗВОДСТВА
Страна публикации Российская Федерация
-- Российская Федерация
105 ## - ПОЛЕ КОДИРОВАННЫХ ДАННЫХ: ТЕКСТОВЫЕ МАТЕРИАЛЫ, МОНОГРАФИЧЕСКИЕ
Кодированные данные о монографическом текстовом документе y|||n|||000yy
200 1# - ЗАГЛАВИЕ И СВЕДЕНИЯ ОБ ОТВЕТСТВЕННОСТИ
Основное заглавие Бюджетный кодекс Российской Федерации
Сведения, относящиеся к заглавию [от 31 июля 1998 года № 145-Ф3
-- принят Государственной Думой 17 июля 1998 года
-- одобрен Советом Федерации 17 июля 1998 года
-- (в ред. Федеральных законов от 05.08.2000 № 116-Ф3 ... от 26.12.2014 № 449-Ф3, с изм., внесенными Федеральными законами от 31.12.1999 № 227-Ф3 ... от 24.12.2002 № 176-Ф3, Постановлением Конституционного Суда РФ от 17.06.2004 № 12-П, Федеральными законами от 23.12.2004 № 173-Ф3 ... от 09.02.2009 № 17-Ф3, Постановлением Конституционного Суда РФ от 22.06.2009 № 10-П, Федеральными законами от 18.07.2009 № 181-Ф3 ... от 03.11.2015 № 301-Ф3)]
-- текст с изменениями и дополнениями на 2016 год
205 ## - СВЕДЕНИЯ ОБ ИЗДАНИИ
Сведения об издании [Офиц. изд.]
210 ## - ПУБЛИКАЦИЯ, РАСПРОСТРАНЕНИЕ И ДР.
Место издания, распространения и т.д. Москва
Имя издателя, распространителя и т. д. Эксмо
Дата издания, распространения и т.д. 2016
215 ## - ФИЗИЧЕСКАЯ ХАРАКТЕРИСТИКА
Специфическое обозначение материала и объем 255, [1] с.
Размеры 20
225 1# - СЕРИЯ
Основное заглавие серии Законы и кодексы
604 ## - ИМЯ И ЗАГЛАВИЕ КАК ПРЕДМЕТ
Связываемые данные 71001$aРоссийская Федерация
-- 500##$aБюджетный кодекс$2nlr_sh2$3RU\NLR\AUTH\661262431
Идентификатор авторитетной/нормативной записи RU\NLR\AUTH\661262431
Имя лица Российская Федерация
Заглавие Бюджетный кодекс
Системный номер авторитетной/нормативной записи 2086299
686 1# - ИНДЕКСЫ ДРУГИХ КЛАССИФИКАЦИЙ
Индекс Х622.1-324.9(2Р)
740 #1 - УСЛОВНОЕ НАИМЕНОВАНИЕ / ЗАГЛАВИЕ ДЛЯ ЗАКОНОДАТЕЛЬНЫХ И РЕЛИГИОЗНЫХ ТЕКСТОВ - ПЕРВИЧНАЯ ОТВЕТСТВЕННОСТЬ
Начальный элемент ввода Российская Федерация
Название раздела или части Бюджетный кодекс
Обозначение вида документа Законы
-- 425377
Идентификатор авторитетной/нормативной записи RU\NLR\AUTH\880379494
801 #0 - ИСТОЧНИК ЗАПИСИ
Страна Российская Федерация
Организация RuMoRKP
Дата составления 20160114
Правила каталогизации RCR
801 #2 - ИСТОЧНИК ЗАПИСИ
Страна Российская Федерация
Организация РГБ
Дата составления 20160119
Правила каталогизации rcr
942 ## - ДОПОЛНИТЕЛЬНЫЕ ЭЛЕМЕНТЫ ЗАПИСИ (АБИС)
Тип экземпляра АБИС Книга
980 ## - КОЛЛЕКЦИЯ
Название коллекции Национальная библиография
Экземпляры
Тип экземпляра Дата поступления Источник поступления Библиотека постоянного хранения Библиотека текущего хранения Место хранения Шифр хранения Штрих-код Статус экземпляра
Книга 08.02.2016 Обязательный экземпляр РНБ (Московский) РНБ (Московский) Русский книжный фонд: издания с 1957 года 2016-3/3506 1-1375428  
Книга 08.02.2016 Обязательный экземпляр РНБ (Московский) РНБ (Московский) Русский книжный фонд: издания с 1957 года 2016-3/3506 1-1375429